书目信息 |
| 题名: |
户外运动
|
|
| 作者: | 张瑞林 总主编 ;闻兰 主编 | |
| 分册: | ||
| 出版信息: | 北京 高等教育出版社 2005.09 |
|
| 页数: | 179页 | |
| 开本: | 23cm | |
| 丛书名: | ||
| 单 册: | ||
| 中图分类: | G806 | |
| 科图分类: | ||
| 主题词: | 体育锻炼--ti yu duan lian--基本知识 | |
| 电子资源: | ||
| ISBN: | 7-04-018450-8 | |
| 000 | 00930nam0 2200253 450 | |
| 001 | 012006035772 | |
| 005 | 20060914163013.84 | |
| 010 | @a7-04-018450-8@dCNY15.80 | |
| 100 | @a20060725d2005 km y0chiy0120 ea | |
| 101 | 0 | @achi |
| 102 | @aCN@b110000 | |
| 105 | @aa a 000yy | |
| 200 | 1 | @a户外运动@Ahu wai yun dong@f张瑞林总主编@Fzhang rui lin zong zhu bian@g闻兰主编@Gwen lan zhu bian |
| 210 | @a北京@c高等教育出版社@d2005.09 | |
| 215 | @a179页@c图@d23cm | |
| 300 | @a"高等教育百门精品课程教材建设计划"立项项目, 经全国普通高等学校体育教学指导委员会审定 | |
| 320 | @a有书目 (第179页) | |
| 330 | @a本书包括体育与健康、户外运动与身体健康、户外运动与心理健康、定向运动、攀岩运动、野营、山地自行车运动等七章。 | |
| 606 | 0 | @a体育锻炼@Ati yu duan lian@x基本知识 |
| 690 | @aG806@v4 | |
| 701 | 0 | @a张瑞林@Azhang rui lin@4总主编 |
| 702 | 0 | @a闻兰@Awen lan@4主编 |
| 801 | 0 | @aCN@bpdsgxy@c20060914 |
| 905 | @a10447@dG806@eZ153 | |
| 户外运动/张瑞林总主编/闻兰主编.-北京:高等教育出版社,2005.09 |
| 179页:图;23cm |
| "高等教育百门精品课程教材建设计划"立项项目, 经全国普通高等学校体育教学指导委员会审定 |
| ISBN 7-04-018450-8:CNY15.80 |
| 本书包括体育与健康、户外运动与身体健康、户外运动与心理健康、定向运动、攀岩运动、野营、山地自行车运动等七章。 |
| ● |
| 相关链接 |
|
|
|
正题名:户外运动
索取号:G806/Z153
 
预约/预借
| 序号 | 登录号 | 条形码 | 馆藏地/架位号 | 状态 | 备注 |
| 1 | 597160 | 205971607 | 社科库409/409社科库 19排4列1层/ [索取号:G806/Z153] | 在馆 | |
| 2 | 597161 | 205971616 | 社科库409/409社科库 19排4列1层/ [索取号:G806/Z153] | 在馆 | |
| 3 | 597162 | 205971625 | 社科库409/409社科库 19排4列1层/ [索取号:G806/Z153] | 在馆 |